Productividad agrícola y costos de producción / (Record no. 111139)

MARC details
000 -LEADER
campo de control de longitud fija 00579nam a2200169 4500
001 - NÚMERO DE CONTROL
campo de control 111139
003 - IDENTIFICADOR DE NÚMERO DE CONTROL
campo de control ES-MaACL
005 - FECHA Y HORA DE LA ÚLTIMA TRANSACCIÓN
campo de control 20230906185241.0
007 - CAMPO FIJO DE DESCRIPCIÓN FÍSICA--INFORMACIÓN GENERAL
campo de control de longitud fija t|
008 - DATOS DE LONGITUD FIJA--INFORMACIÓN GENERAL
campo de control de longitud fija 061121s1960 sp r ||||1| spa d
100 1# - ENTRADA PRINCIPAL--NOMBRE DE PERSONA
Nombre de persona Olalquiaga Soriano, Ramón.
9 (RLIN) 86649
245 10 - MENCIÓN DEL TÍTULO
Título Productividad agrícola y costos de producción /
Mención de responsabilidad, etc. Ramón Olalquiaga Soriano ; prólogo de Salvador Serrats Urquiza.
260 ## - PUBLICACIÓN, DISTRIBUCIÓN, ETC.
Lugar de publicación, distribución, etc. Madrid :
Nombre del editor, distribuidor, etc. Oficina Agrícola,
Fecha de publicación, distribución, etc. 1960.
300 ## - DESCRIPCIÓN FÍSICA
Extensión 432 p., 10 lám :
Otras características físicas il. ;
Dimensiones 21 cm.
700 1# - ENTRADA AGREGADA--NOMBRE PERSONAL
Nombre de persona Serrats Urquiza, Salvador.
9 (RLIN) 105829
852 ## - LOCALIZACIÓN
Ubicación ES-MaACL
Número de control de estantería C-20639
Sublocalización o colección R.48336
Holdings
Estatus retirado Estado de pérdida Estado de daño No para préstamo Biblioteca de origen Biblioteca actual Ubicación en estantería Fecha de adquisición Fuente de adquisición Total de préstamos Signatura topográfica completa Código de barras Visto por última vez Precio de reemplazo Tipo de ítem Koha
        Biblioteca del Ateneo de Madrid Biblioteca del Ateneo de Madrid Galería 17/01/2008     C-20639 1115953 23/02/2023 23/02/2023 Libro impreso